BASIC TECHNICAL MATHEMATICS WITH CULCULUS (Record no. 208483)

MARC details
000 -LEADER
fixed length control field 00314nam a22001217a 4500
008 - FIXED-LENGTH DATA ELEMENTS--GENERAL INFORMATION
fixed length control field 231127b |||||||| |||| 00| 0 eng d
020 ## - INTERNATIONAL STANDARD BOOK NUMBER
International Standard Book Number 0805388893
100 ## - MAIN ENTRY--PERSONAL NAME
Personal name ALLYN J.
245 ## - TITLE STATEMENT
Title BASIC TECHNICAL MATHEMATICS WITH CULCULUS
260 ## - PUBLICATION, DISTRIBUTION, ETC.
Place of publication, distribution, etc. REDWOOD CITY
Name of publisher, distributor, etc. THE BENJAMIN
300 ## - PHYSICAL DESCRIPTION
Extent XVIII,997P
942 ## - ADDED ENTRY ELEMENTS (KOHA)
Source of classification or shelving scheme Library of Congress Classification
Koha item type Long Loan Book
Holdings
Withdrawn status Lost status Source of classification or shelving scheme Damaged status Not for loan Collection Home library Current library Inventory number Total checkouts Full call number Barcode Date last seen Date last checked out Koha item type
    Library of Congress Classification     Science & Technology Kisii University Library Kisii University Library 55353 5 QA37.2.W37 1990 014731 12/09/2025 11/26/2025 Long Loan Book